000 01003nam a2200289 i 4500
003 EG-GICUC
005 20260121101326.0
008 251120s1961 ua ||||fr|||| 00| 0 ara d
040 _a EG-GICUC
_bara
_c EG-GICUC
_d EG-GICUC
_erda
041 0 _aara
082 0 4 _221
_a345.25
_bم ح . د
092 0 4 _221
099 _aLaw1 07 345.25 م ح . د 1961
100 0 _aمحمد حامد الجمل
_eمؤلف.
245 1 0 _aديموقراطية الحكم المحلي /
_cتأليف محمد حامد الجمل.
264 1 _aالقاهرة :
_bدار النهضة العربية،
_c1961.
300 _a168 ؛ صفحة
_c24 سم
336 _2rda content
_atext
337 _2rda media
_aComputer
338 _2rda carrier
_aOnline Resource
546 _aالنص باللغة العربية
650 1 4 _aالقانون الإداري
650 1 4 _aالحكم المحلي
856 4 0 _uhttps://fll.law.cu.edu.eg/fulltext/bks/B07-00924.pdf
905 _a30
_eHassnaa
942 _2ddc
_cBK
_e21
_n0
999 _c44991
_d44991